| 000 | 00770 a2200217 4500 | ||
|---|---|---|---|
| 003 | Nust | ||
| 005 | 20170207153244.0 | ||
| 010 | _a 85016347 | ||
| 020 | _a0470202408 | ||
| 040 | _cNust | ||
| 082 | 0 | 0 | _a621.382 |
| 100 | 1 | _aDas, J. | |
| 245 | 1 | 0 |
_aPrinciples of digital communication / _cJ. Das, S.K. Mullick, P.K. Chatterjee. |
| 260 |
_aNew York : _bWiley, _cc1986. |
||
| 300 |
_axv, 645 p. : _bill. ; _c25 cm. |
||
| 505 | _aMathematical Review (Page-6), Digital Representation Of Signals (Page-145), Optimum Detection And Parameter Estimation (Page-241), Error Correcting Codes (Page-399), Information Theory (Page-521). | ||
| 538 | _aAlmirah No.36 Shelf No.4 | ||
| 650 | 0 | _aTelecommunications engineering. | |
| 700 | 1 | _aChatterjee, P. K. | |
| 700 | 1 | _aMullick, S. K. | |
| 942 |
_2ddc _cBK |
||
| 999 |
_c182520 _d182520 |
||